Statistics for Every NFL Franchise's Leading Rusher

Click here to take the quiz!

General Stats

  • This quiz has been taken 34 times
  • The average score is 19 of 32

Answer Stats

HintYardsAnswer% Correct
Lions15,269Barry Sanders
94%
Browns12,312Jim Brown
94%
Vikings11,747Adrian Peterson
88%
Chargers12,490LaDainian Tomlinson
88%
Cowboys17,162Emmitt Smith
81%
Bears16,726Walter Payton
81%
Steelers11,950Franco Harris
75%
Chiefs7,260Jamaal Charles
75%
Jets10,302Curtis Martin
72%
Colts9,226Edgerrin James
72%
49ers11,073Frank Gore
72%
Seahawks9,429Shaun Alexander
72%
Eagles6,792LeSean Mccoy
69%
Ravens7,801Jamal Lewis
66%
Broncos7,607Terrell Davis
66%
Packers8,322Ahman Green
63%
Texans6,472Arian Foster
63%
Titans10,009Eddie George
59%
Giants10,449Tiki Barber
59%
Bengals8,061Corey Dillon
56%
Jaguars11,271Fred Taylor
56%
Raiders8,545Marcus Allen
56%
Bills11,938Thurman Thomas
56%
Saints6,500Mark Ingram
53%
Rams10,138Steven Jackson
50%
Panthers7,318Jonathan Stewart
41%
Dolphins6,737Larry Csonka
38%
Cardinals7,999Ottis Anderson
34%
Commanders7,472John RIggins
31%
Falcons6,631Gerald Riggs
16%
Buccaneers5,957James Wilder
16%
Patriots5,453Sam Cunningham
16%

Score Distribution

Percentile by Number Answered

Percent of People with Each Score

Your Score History

You have not taken this quiz